|
|
|
|
| LEADER |
00000nam0a2200000 4500 |
| 001 |
253040 |
| 005 |
20231101232815.0 |
| 035 |
|
|
|a (RuTPU)RU\TPU\book\275421
|
| 090 |
|
|
|a 253040
|
| 100 |
|
|
|a 20140311d1969 m y0rusy50 ca
|
| 101 |
1 |
|
|a rus
|c cze
|
| 102 |
|
|
|a RU
|
| 105 |
|
|
|a a z 001zy
|
| 200 |
1 |
|
|a Межкристаллитная коррозия нержавеющих сталей
|e пер. с чеш.
|f В. Чигал
|
| 210 |
|
|
|a Ленинград
|c Химия
|d 1969
|
| 215 |
|
|
|a 232 с.
|c ил.
|
| 320 |
|
|
|a Библиогр.: с. 236-231.
|
| 606 |
1 |
|
|a Сталь нержавеющая
|x Коррозия межкристаллитная
|2 stltpush
|3 (RuTPU)RU\TPU\subj\56554
|9 74460
|
| 610 |
1 |
|
|a металловедение
|
| 610 |
1 |
|
|a коррозионная стойкость
|
| 610 |
1 |
|
|a межкристаллитная коррозия
|
| 610 |
1 |
|
|a растрескивание
|
| 610 |
1 |
|
|a хромистые стали
|
| 610 |
1 |
|
|a электрохимическая коррозия
|
| 610 |
1 |
|
|a границы зерен
|
| 610 |
1 |
|
|a сварка
|
| 610 |
1 |
|
|a пластическая обработка
|
| 610 |
1 |
|
|a сварные соединения
|
| 610 |
1 |
|
|a аустенитные стали
|
| 675 |
|
|
|a 669.018.8
|v 3
|
| 700 |
|
1 |
|a Чигал
|b В.
|
| 801 |
|
1 |
|a RU
|b 63413507
|c 20140311
|
| 801 |
|
2 |
|a RU
|b 63413507
|c 20140321
|g RCR
|
| 942 |
|
|
|c BK
|